000 00826nam a2200253 i 4500
003 DO-SdBNP
005 20240319181005.0
007 ta
008 240205b2021 sp a|||| |||| 00| 0 spa d
020 _a9788480174299
040 _aDO-SdBNP
_bspa
_cBNPHU
_erda
082 4 _222
100 1 _aBaéz Evertsz, Carlos Julio
_eautor
_946288
245 1 0 _aRosa Luxemburgos hoy :
_bsu legado para una izquierda democrática /
_cCarlos Julio Báez Evertsz
264 _aMadrid, España :
_bBetania,
_c2021.
300 _a216 páginas :
_bilustraciones ;
_c23 cm.
336 _2rdacontent
_atexto
_btxt
337 _2rdamedia
_asin mediación
_bn
338 _2rdacarrier
_avolumen
_bnc
500 _aIncluye datos biográficos del autor en contracubierta
590 _aInventariado, 2024/BT
910 _aBtavárez
942 _2ddc
_cLBS1
999 _c55790
_d55790